000 00703nam a2200205 a 4500
005 20230512063724.0
008 991125s1993 mx 000 0 spa u
035 _aUPN01000013310
049 _aSEP
050 4 _aLB775.6 D442
_bR9.3
100 1 _aRuiz Fernández, Carlos Pascual
245 1 0 _aDaniel Delgadillo, 1872-1933 /
_cCarlos Pascual Ruiz Fernández.
260 _aMéxico :
_bSEP, Dirección General de Educación Normal y Actualización del Magisterio,
_c1993.
300 _a[4] p.
440 0 _aIdentidad magisterial
500 _a"Biografias de educadores nacionales"
600 1 4 _aDELGADILLO, DANIEL,
_d1872-1933
650 4 _aEducadores mexicanos
_vBiografía
_916883
905 _aLibro
999 _c13310
_d13310